Documenti diplomatici Italianai Quarta series (Record no. 235783)

MARC details
000 -LEADER
fixed length control field 00822nam a2200241Ia 4500
003 - CONTROL NUMBER IDENTIFIER
control field OSt
005 - DATE AND TIME OF LATEST TRANSACTION
control field 20220918204402.0
008 - FIXED-LENGTH DATA ELEMENTS--GENERAL INFORMATION
fixed length control field 220917b |||||||| |||| 00| 0 eng d
037 ## - SOURCE OF ACQUISITION
Terms of availability Textual
040 ## - CATALOGING SOURCE
Original cataloging agency ARTS
Transcribing agency ARTS
Language of cataloging eng
041 ## - LANGUAGE CODE
Source of code eng
Language code of text/sound track or separate title eng
110 ## - MAIN ENTRY--CORPORATE NAME
Corporate name or jurisdiction name as entry element Affari Esteri (Ministero Degli), Document Diplomatici (Commissione per la publicazione-) (Italy)
9 (RLIN) 111835
245 #0 - TITLE STATEMENT
Title Documenti diplomatici Italianai Quarta series
Remainder of title 1908-1914
260 ## - PUBLICATION, DISTRIBUTION, ETC.
Date of publication, distribution, etc. 1952
650 ## - SUBJECT ADDED ENTRY--TOPICAL TERM
Topical term or geographic name entry element HISTORY
700 ## - ADDED ENTRY--PERSONAL NAME
Personal name Affari Esteri (Ministero Degli), Document Diplomatici (Commissione per la publicazione-) (Italy)
9 (RLIN) 111836
942 ## - ADDED ENTRY ELEMENTS (KOHA)
Classification part V52:8-19:N14<-N08, 121J2.12
Koha item type Textual
Source of classification or shelving scheme Colon Classification (CC)
Holdings
Withdrawn status Lost status Damaged status Not for loan Home library Current library Date acquired Total Checkouts Full call number Barcode Date last seen Price effective from Koha item type
        Arts Library Arts Library 2022-09-18   V52:8-19:N14<-N08 121J2.12 AL0213092 2022-09-18 2022-09-18 Textual
Copyright @ Delhi University Library System